000
00277nam a22001337a 4500
003
SGT
082
_a
615
_b
P15M
100
_a
MANOHAR, SUJITHRA RAM
245
_a
PRAMEHA
260
_a
VARANASI
_b
CHAUKHAMBHA PUB
_c
2015
300
_a
425.00
650
_a
AYURVEDA
942
_2
ddc
_c
BK
999
_c
8580
_d
8580